000 00640ntaaa2200193 4500
003 01
005 20251027200959.0
008 0714s1973 ag 01
040 _aAR-BaBN
_bspa
_cAR-BaBN
_eaacr
_dRIC
082 _a230.09 N55
100 _aNiebuhr, Richard R.
_96823
245 _aSchleiermacher on Christ and religion /
_cRichard R. Niebuhr
250 _a1 ed.
260 _aNY :
_bCharles Scribner's Sons,
_cc1964
300 _axv, 267 p.
500 _aEstudio de la teología sistemática de Federico Schleiermacher, 1768-1834, sobre la religión humana, hermenéutica y la ética.
650 _aTeología Histórica
_92083
942 _cBK
999 _c3831
_d3831